| 000 | 01281cam a2200397 a 4500 | ||
|---|---|---|---|
| 001 | 13074112 | ||
| 003 | OSt | ||
| 005 | 20140310182659.0 | ||
| 008 | 030129s2002 nyua 001 0 eng | ||
| 010 | _a 2003265046 | ||
| 020 | _a0071249575 | ||
| 020 | _a0071180222 (ISE) | ||
| 040 |
_aDLC _cDLC |
||
| 050 | 0 | 0 |
_aPE1128 _b.W492 2002 |
| 082 | 0 | 4 |
_aM 428.24 _24th Edition _bW49 2002 |
| 100 | 1 |
_aWerner, Patricia K., _d1951- |
|
| 245 | 1 | 0 |
_aMosaic 1 grammar / _cWerner, Patricia K. |
| 246 | 3 | _aMosaic one | |
| 250 | _a4th ed. | ||
| 260 |
_aNew York : _bMcGraw-Hill, _cc2002. |
||
| 300 |
_aix, 452 p. : _bill. ; _c26 cm. |
||
| 500 | _aRev. ed. of: Mosaic one. 3rd ed. c1996. | ||
| 500 | _aIncludes index. | ||
| 521 | _aHighschool to College student | ||
| 526 | _c1210L to 1700L | ||
| 541 | _j1 | ||
| 541 | _j2 | ||
| 562 | _efor circulation. 2 copies available in the collection | ||
| 650 | 0 |
_aEnglish language _vTextbooks for foreign speakers. |
|
| 650 | 0 |
_aEnglish language _xGrammar _vProblems, exercises, etc. |
|
| 700 | 1 | _aSpaventa, Louis J. | |
| 700 | 1 |
_aWerner, Patricia K., _d1951- _tMosaic one. |
|
| 906 |
_a7 _bcbc _corigcop _d2 _encip _f20 _gy-gencatlg |
||
| 942 |
_2lcc _cBK _kM |
||
| 999 |
_c15153 _d15153 |
||